书目信息 |
| 题名: |
粮食微生物学
|
|
| 作者: | 本书编写组 | |
| 分册: | ||
| 出版信息: |
|
|
| 页数: | 416页 | |
| 开本: | 16开 | |
| 丛书名: | ||
| 单 册: | ||
| 中图分类: | S182 | |
| 科图分类: | ||
| 主题词: | 农业科学:生物学 | |
| 电子资源: | ||
| ISBN: | ||
| 000 | 00487nam0 2200181 45 | |
| 001 | 0006200892 | |
| 005 | 20000620083843.7 | |
| 010 | @d1.15元 | |
| 100 | @a20000620d km y0chiy0120 ea | |
| 101 | 0 | @achi |
| 105 | @a z 000yy | |
| 200 | 1 | @a粮食微生物学@ALiang Shi Wei Sheng Wu Xue@f本书编写组@FBen Shu Bian Xie Zu |
| 215 | @a416页@d16开 | |
| 606 | 0 | @a农业科学:生物学 |
| 690 | @aS182@v3 | |
| 701 | 0 | @a本书编写组 |
| 801 | @aCN@bPftUser@c20000620 | |
| 905 | @b208196-197@dS182@eL:873@f2 | |
| 粮食微生物学/本书编写组 |
| 416页;16开 |
| ISBN :1.15元 |
| ● |
| 相关链接 |
|
|
|
正题名:粮食微生物学
索取号:S182/L:873
 
预约/预借
| 序号 | 登录号 | 条形码 | 馆藏地/架位号 | 状态 | 备注 |
| 1 | 208196 | 202081969 | 自科库401/401自科库 66排7列3层/ [索取号:S182/L:873] | 在馆 | |
| 2 | 208197 | 202081978 | 自科库401/401自科库 66排7列3层/ [索取号:S182/L:873] | 在馆 |